Falseamientos de la experiencia histórica de la gran revolución de octubre

Guardado en:
書目詳細資料
主要作者: Vasetski, Nicolai
格式: Texto
出版: Moscú: Editorial de la agencia de Prensa Novosti
標簽: 添加標簽
沒有標簽, 成為第一個標記此記錄!

MARC

LEADER 00000 a a2200000 04500
001 24435
003
040
090 |a 175300  
100 |a Vasetski, Nicolai  
245 |a Falseamientos de la experiencia histórica de la gran revolución de octubre  
260 |a Moscú:   |b Editorial de la agencia de Prensa Novosti  
300 |a 57 p  
999 |c 10551  |d 10551